Teaching listening (Registro nro. 205193)

Detalles MARC
001 - NÚMERO DE CONTROL
campo de control 672571
005 - FECHA Y HORA DE LA ÚLTIMA TRANSACCIÓN
campo de control 20260506091419.0
008 - DATOS DE LONGITUD FIJA--INFORMACIÓN GENERAL
campo de control de longitud fija 010706s1989 eng
020 ## - NÚMERO INTERNACIONAL ESTÁNDAR DEL LIBRO
Número Internacional Estándar del Libro 0582746191
035 ## - NÚMERO DE CONTROL DEL SISTEMA
Número de control de sistema 672571
035 ## - NÚMERO DE CONTROL DEL SISTEMA
Número de control de sistema (OCoLC)777796975
040 ## - FUENTE DE LA CATALOGACIÓN
Centro/agencia transcriptor comduadb
041 ## - CÓDIGO DE LENGUA
Código de lengua del texto/banda sonora o título independiente eng
082 #4 - NÚMERO DE LA CLASIFICACIÓN DECIMAL DEWEY
Número de clasificación 428
100 10 - ENTRADA PRINCIPAL--NOMBRE DE PERSONA
Nombre de persona Underwood, Mary
Código de función aut
Término indicativo de función/relación Autor/a
9 (RLIN) 517915
245 10 - MENCIÓN DE TÍTULO
Título Teaching listening
260 ## - PUBLICACIÓN, DISTRIBUCIÓN, ETC.
Lugar de publicación, distribución, etc. United States :
Nombre del editor, distribuidor, etc. Longman,
Fecha de publicación, distribución, etc. 1989.
300 ## - DESCRIPCIÓN FÍSICA
Extensión 117 páginas
490 0# - MENCIÓN DE SERIE
Mención de serie Longman handbooks for language teachers
520 3# - SUMARIO, ETC.
Sumario, etc. This study recognizes the importance of developing the listening skills, and aims to guide teachers both at a theoretical and a practical level in how to develop these skills in the classroom.
650 #7 - PUNTO DE ACCESO ADICIONAL DE MATERIA--TÉRMINO DE MATERIA
Término de materia o nombre geográfico como elemento de entrada Inglés
Subdivisión general Enseñanza
Fuente del encabezamiento o término lemb
9 (RLIN) 49481
650 ## - PUNTO DE ACCESO ADICIONAL DE MATERIA--TÉRMINO DE MATERIA
Término de materia o nombre geográfico como elemento de entrada Estudiantes de lenguas extranjeras
9 (RLIN) 81189
650 ## - PUNTO DE ACCESO ADICIONAL DE MATERIA--TÉRMINO DE MATERIA
Término de materia o nombre geográfico como elemento de entrada Foreign language students
9 (RLIN) 77709
650 ## - PUNTO DE ACCESO ADICIONAL DE MATERIA--TÉRMINO DE MATERIA
Término de materia o nombre geográfico como elemento de entrada Inglés - Escucha
9 (RLIN) 109327
650 ## - PUNTO DE ACCESO ADICIONAL DE MATERIA--TÉRMINO DE MATERIA
Término de materia o nombre geográfico como elemento de entrada English language listening
9 (RLIN) 109326
650 #7 - PUNTO DE ACCESO ADICIONAL DE MATERIA--TÉRMINO DE MATERIA
Término de materia o nombre geográfico como elemento de entrada Inglés
Subdivisión general Enseñanza
Fuente del encabezamiento o término lemb
9 (RLIN) 49481
942 ## - ELEMENTOS DE ENTRADA AGREGADA (KOHA)
Tipo de ítem Koha Libros
Existencias
Estado de retiro Estado de pérdida Estado dañado No para préstamo Código de colección Localización permanente Ubicación/localización actual Fecha de adquisición Número de inventario Total de préstamos Signatura topográfica completa Código de barras Fecha visto por última vez Número de copia Precio válido a partir de Tipo de ítem Koha
        Colección General Biblioteca de Idiomas (BL. 12-127) Biblioteca de Idiomas (BL. 12-127) 06/07/2001 C687915   428.3 I/U56 61000003663008 23/04/2023 1 23/04/2023 Libros